Score 0/13 Timer 01:00
3 Plays Today
% Correct
Slippery
87.4%
Bad
84.5%
Academy
83.8%
Miserable
82.2%
Window
81.6%
Vile
80.7%
Carnival
80.2%
Elevator
79.6%
Reptile
77.8%
Grim
76.7%
Hospital
73.2%
Peril
72.9%
End
72.2%

Today's Daily Dose

Remove Ads.
Support Sporcle.
Get the best of Sporcle when you Go Orange. This ad-free experience offers more features, more stats, and more fun while also helping to support Sporcle. Thank you for becoming a member.

You're not logged in!

Compare scores with friends on all Sporcle quizzes.
OR
Log In

Show Comments

Extras

Top Quizzes Today


Score Distribution

Your Account Isn't Verified!

In order to create a playlist on Sporcle, you need to verify the email address you used during registration. Go to your Sporcle Settings to finish the process.

Report this User

Report this user for behavior that violates our Community Guidelines.

Details: